00449 2200193 4500245004300000020002200043250001100065100001900076700002300095650001100118650001300129650001300142005001900155260002700174041001400201084001000215300002100225336000900246 aYuk , Berhijab !cFelix Y. SiauwhText a978-602-9255-67-6 aCet. 9 aFelix Y. Siauw aAyatullah Khomeiny aAkhlak aBerhijab aMuslimah a20230214092836 aBandungbMizaniac2014 aIndonesia a297.5 a140 hlm :cilus. atext